1113 1305 1492 1437 1402 1183 1872 1164 1249 1227 1285 1834 1165 1235 1308 1193 1623 1524 1618 1185 1310 1737 1316 1891 1481 1305 1110 1933 1836 1707 1131 1566 1399 1871 1050 1036 1424 1544 1676 1307 1551 1923 1750 1937 1022 1729 1544 1910 1384 1960 1836 1796 1771 1000 1774 1602 1919 1987 1380 1254 1567 1558 1278 1054 1247 1097 1011 1341 1232 1227 1649 1331 1354 1237 1240 1136 1475 1920 1161 1416 1990 1490 1406 1783 1173 1644 1840 1390 1292 1928 1118 1340 1758 1347 1234 1327 1276 1224 1650 BCNSPRNW ULIB Ver.6.0+V

เปลี่ยนเป็นภาษาไทย

Change to English
 แสดงรายละเอียดบรรณานุกรม
  กลับหน้าหลัก

Brief Record : Get Marc (ISO 2709) : E-mail record : QR code < ปิดหน้าต่าง
LEADER : 00000nam 2200000uu 4500
001    13399127765
003     ULIB
008    210824s2562||||th 000 0 tha d
020    ^a9786165659598
060    ^aWM100^bน296จ
100    ^aนวนันท์ ปิยะวัฒน์กูล, กุศลาภรณ์ ชัยอุดมสม, ศิริวรรณ ปิยวัฒนเมธา และนรักษ์ ชาติบัญชาชัย
245    ^aจิตเวชศาสตร์ Psychiatry
250    ^aพิมพ์ครั้งที่ 3
260    ^aขอนแก่น :^bภาควิชาจิตเวชศาสตร์ คณะแพทยศาสตร์ มหาวิทยาลัยขอนแก่น,^c2562
300    ^a508 หน้า^bภาพประกอบ, ตาราง, ภาคผนวก
650    ^aจิตเวชศาสตร์
650    ^aโรคจิต^xการรักษา
650    ^aจิตเวชศาสตร์ผู้สูงอายุ
945    ^p400^l0^i008082
945    ^p400^l0^i008083
945    ^p400^l0^i008084
999    ^aประนอม เกษจรัล
รายการนี้ยังไม่มีแท็ก
คุณยังไม่ได้ล็อกอิน คุณสามารถมีกิจกรรมร่วมกับเว็บไซต์ได้ แต่ต้องล็อกอินก่อน ::
  ล็อกอิน

รายการสื่อสารสนเทศ

ลำดับที่ ประเภท เลขเรียก/บาร์โค้ด สถานที่ สถานะ
1. วิทยาศาสตร์การแพทย์ และสุขภาพ
หนังสือสำรอง
สถานะ=หนังสือสำรอง
WM100 น296จ ฉ.1 
  Barcode: 008082
ห้องสมุดวิทยาเขตสวรรค์ประชารักษ์
►หนังสือทั่วไป
บนชั้น
2. วิทยาศาสตร์การแพทย์ และสุขภาพ
วิทยาศาสตร์การแพทย์ และสุขภาพ
WM100 น296จ ฉ.2 
  Barcode: 008083
ห้องสมุดวิทยาเขตสวรรค์ประชารักษ์
►หนังสือทั่วไป
บนชั้น
3. วิทยาศาสตร์การแพทย์ และสุขภาพ
วิทยาศาสตร์การแพทย์ และสุขภาพ
WM100 น296จ ฉ.3 
  Barcode: 008084
ห้องสมุดวิทยาเขตสวรรค์ประชารักษ์
►หนังสือทั่วไป
ถูกยืม กำหนดส่งวันที่ 23 มีนาคม 2569
  จอง

รายการใกล้เคียง
    ชื่อเรื่อง [จิตเวชศาสตร์ Psychiatry]

    ผู้แต่ง [นวนันท์ ปิยะวัฒน์กูล, กุศลาภรณ์ ชัยอุดมสม, ศิริวรรณ ปิยวัฒนเมธา และนรักษ์ ชาติบัญชาชัย]

    หัวเรื่อง [จิตเวชศาสตร์]
    หัวเรื่อง [จิตเวชศาสตร์ผู้สูงอายุ]

BibComment


ยังไม่เคยถูกคอมเมนท์

คอมเมนท์ทรัพยากรรายการนี้
  คอมเมนท์: จิตเวชศาสตร์ Psy..


 Copyright 2026. Bcnsprnw @Library